Normal view
MARC view
Entry Personal Name
001 - CONTROL NUMBER
- control field: 15229
003 - CONTROL NUMBER IDENTIFIER
- control field: BD-RjUL
005 - DATE AND TIME OF LATEST TRANSACTION
- control field: 20250410130736.0
008 - FIXED-LENGTH DATA ELEMENTS
- fixed length control field: 250410|| aca||aabn | a|a d
040 ## - CATALOGING SOURCE
- Original cataloging agency: BD-RjUL
- Transcribing agency: BD-RjUL
100 ## - HEADING--PERSONAL NAME
- Personal name: মোহন, ইকবাল কবীর
670 ## - SOURCE DATA FOUND
- Source citation: Work cat.: (BD-RjUL)84804: মোহন, ইকবাল কবীর , সত্যের হলো জয় /, ২০১১